Computational fluid dynamics : (Record no. 11682)
[ view plain ]
| 000 -LEADER | |
|---|---|
| fixed length control field | 01373cam a2200325 a 4500 |
| 001 - CONTROL NUMBER | |
| control field | 14959221 |
| 005 - DATE AND TIME OF LATEST TRANSACTION | |
| control field | 20071231105437.0 |
| 008 - FIXED-LENGTH DATA ELEMENTS--GENERAL INFORMATION | |
| fixed length control field | 070809s2008 ne a b 001 0 eng |
| 010 ## - LIBRARY OF CONGRESS CONTROL NUMBER | |
| LC control number | 2007032978 |
| 020 ## - INTERNATIONAL STANDARD BOOK NUMBER | |
| International Standard Book Number | 9780750685634 (pbk. : alk. paper) |
| 035 ## - SYSTEM CONTROL NUMBER | |
| System control number | (OCoLC)ocn163708087 |
| 035 ## - SYSTEM CONTROL NUMBER | |
| System control number | (OCoLC)163708087 |
| 040 ## - CATALOGING SOURCE | |
| Original cataloging agency | DLC |
| Transcribing agency | DLC |
| Modifying agency | BAKER |
| -- | YDXCP |
| -- | BTCTA |
| -- | C#P |
| -- | DLC |
| 050 00 - LIBRARY OF CONGRESS CALL NUMBER | |
| Classification number | TA357 |
| Item number | .T835 2008 |
| 082 00 - DEWEY DECIMAL CLASSIFICATION NUMBER | |
| Classification number | 620.106 |
| Edition number | 22 |
| Item number | TUJ |
| 100 1# - MAIN ENTRY--PERSONAL NAME | |
| Personal name | Tu, Jiyuan. |
| 9 (RLIN) | 5583 |
| 245 10 - TITLE STATEMENT | |
| Title | Computational fluid dynamics : |
| Remainder of title | A practical approach / |
| Statement of responsibility, etc | Jiyuan Tu, Guan Heng Yeoh, Chaoqun Liu. |
| 260 ## - PUBLICATION, DISTRIBUTION, ETC. (IMPRINT) | |
| Place of publication, distribution, etc | Amsterdam : |
| Name of publisher, distributor, etc | Butterworth-Heinemann, |
| Date of publication, distribution, etc | c2008. |
| 300 ## - PHYSICAL DESCRIPTION | |
| Extent | xv, 459 p. : |
| Other physical details | ill. ; |
| Dimensions | 24 cm. |
| 504 ## - BIBLIOGRAPHY, ETC. NOTE | |
| Bibliography, etc | Includes bibliographical references and index. |
| 650 #0 - SUBJECT ADDED ENTRY--TOPICAL TERM | |
| Topical term or geographic name as entry element | Fluid dynamics. |
| 9 (RLIN) | 5584 |
| 650 #0 - SUBJECT ADDED ENTRY--TOPICAL TERM | |
| Topical term or geographic name as entry element | Heat |
| General subdivision | Transmission. |
| 9 (RLIN) | 5585 |
| 650 #0 - SUBJECT ADDED ENTRY--TOPICAL TERM | |
| Topical term or geographic name as entry element | Turbulence. |
| 9 (RLIN) | 5586 |
| 700 1# - ADDED ENTRY--PERSONAL NAME | |
| Personal name | Yeoh, Guan Heng. |
| 9 (RLIN) | 5587 |
| 700 1# - ADDED ENTRY--PERSONAL NAME | |
| Personal name | Liu, Chaoqun. |
| 9 (RLIN) | 5588 |
| 856 42 - ELECTRONIC LOCATION AND ACCESS | |
| Materials specified | Publisher description |
| Uniform Resource Identifier | <a href="http://www.loc.gov/catdir/enhancements/fy0806/2007032978-d.html">http://www.loc.gov/catdir/enhancements/fy0806/2007032978-d.html</a> |
| 942 ## - ADDED ENTRY ELEMENTS (KOHA) | |
| Source of classification or shelving scheme | Dewey Decimal Classification |
| Item type | Book - Borrowing |
| Withdrawn status | Item status | Source of classification or shelving scheme | Damaged status | Not for loan | Vendor | Home library | Current library | Shelving location | Date acquired | Source of acquisition | Cost, normal purchase price | Serial Enumeration / chronology | Total Checkouts | Total Renewals | Full call number | Barcode | Date last seen | Date last borrowed | Koha item type |
|---|---|---|---|---|---|---|---|---|---|---|---|---|---|---|---|---|---|---|---|
| Dewey Decimal Classification | Alahram | Central Library | Central Library | First floor | 28/05/2009 | 287.50 | 354 | 4 | 54 | 620.106 TUJ | 000016409 | 15/07/2025 | 01/10/2015 | Book - Borrowing |